000 00998nam a2200289 a 4500
001 014846511
003 OSt
005 20201128020925.0
008 080605s2008 gw ak frb 000 0 eng d
020 _a3836487160 (pbk.)
020 _a9783836487160 (pbk.)
041 _aeng
_bger
082 0 4 _a005.369
_222
_bKOR
100 1 _aKorherr, Birgit
_929334
245 1 0 _aBusiness process modelling :
_bIanguages, goals and variabilities /
_cBirgit Korherr.
260 _aSaarbrücken, Germany :
_bVDM Verlag Dr. Müller,
_c2008.
300 _axi, 115 p. :
_bforms, tables ;
_c22 cm.
504 _aBibliography : p. 110-115.
546 _aAbstract in English and German Language.
650 0 _aBusiness
_xData processing
_91676
650 0 _aBusiness planning
_xMathematical models
_929336
650 0 _aSystem design
_9733
650 0 _aIndustrial management
_xMathematical models
_925973
653 _bCOMSCI
_cMarch2012
_cApril2014
655 _vreading book
_934232
942 _2ddc
_cBB
_k005.369 KOR
999 _c16571
_d16571